Fundamentals of management :essential concepts and applications / (Record no. 3423)

000 -LEADER
fixed length control field 01022cam a2200289 a 4500
001 - CONTROL NUMBER
control field 12965317
003 - CONTROL NUMBER IDENTIFIER
control field OSt
005 - DATE AND TIME OF LATEST TRANSACTION
control field 20161006101158.0
008 - FIXED-LENGTH DATA ELEMENTS--GENERAL INFORMATION
fixed length control field 021011s2002 njua b 001 0 eng
010 ## - LIBRARY OF CONGRESS CONTROL NUMBER
LC control number 2002725618
020 ## - INTERNATIONAL STANDARD BOOK NUMBER
International Standard Book Number 0130651338 (pbk.)
040 ## - CATALOGING SOURCE
Original cataloging agency DLC
Transcribing agency DLC
050 00 - LIBRARY OF CONGRESS CALL NUMBER
Classification number HD31.R5643 2001
082 04 - DEWEY DECIMAL CLASSIFICATION NUMBER
Classification number 658
Edition number 21
100 1# - MAIN ENTRY--PERSONAL NAME
Personal name Robbins, Stephen P.,
Dates associated with a name 1943-
245 10 - TITLE STATEMENT
Title Fundamentals of management :essential concepts and applications /
Statement of responsibility, etc Stephen P. Robbins, David A. DeCenzo.
250 ## - EDITION STATEMENT
Edition statement 3rd ed.
260 ## - PUBLICATION, DISTRIBUTION, ETC. (IMPRINT)
Place of publication, distribution, etc Upper Saddle River, N.J. :
Name of publisher, distributor, etc Prentice Hall,
Date of publication, distribution, etc 2001
300 ## - PHYSICAL DESCRIPTION
Extent xxii. 468pg :
Other physical details ill. (some col.) ;
Dimensions 26 cm.
504 ## - BIBLIOGRAPHY, ETC. NOTE
Bibliography, etc Includes bibliographical references and indexes.
650 #0 - SUBJECT ADDED ENTRY--TOPICAL TERM
Topical term or geographic name as entry element Management.
650 #0 - SUBJECT ADDED ENTRY--TOPICAL TERM
Topical term or geographic name as entry element Electronic commerce
General subdivision Management.
700 1# - ADDED ENTRY--PERSONAL NAME
Personal name DeCenzo, David A.
906 ## - LOCAL DATA ELEMENT F, LDF (RLIN)
a 7
b cbc
c origcop
d 2
e ncip
f 20
g y-gencatlg
942 ## - ADDED ENTRY ELEMENTS (KOHA)
Source of classification or shelving scheme
Koha item type Book
Holdings
Withdrawn status Lost status Source of classification or shelving scheme Damaged status Not for loan Home library Current library Shelving location Date acquired Total Checkouts Full call number Barcode Date last seen Date checked out Copy number Price effective from Koha item type
          Riara University Library Riara University Library General stack 06/10/2016 1 HD31.R5643 2001 7956/16 10/06/2019 06/06/2019 C.1 06/10/2016 Book

Riara University Library,
P.O. Box 49940-00100,
Nairobi, Kenya.